000 01016nam a22002777a 4500
001 6950
003 FISKH
005 20250611144252.0
008 250611b cb ||||| |||| 00| 0 eng d
020 _a078073002955
040 _aFISKH
_beng
_cFISKH
_dFISKH
050 _aPZ7.G43979 I
082 _a423
100 _aGirion, Barbara
245 _aIndian summer /
_cBy Barbara Girion
260 _aNew York :
_bScholastic ,
_c1990.
300 _a183 pages :
_billustrations ;
_c20 cm .
505 _aZ
520 _aWhile spending summer vacation on an Indian reservation, twelve-year-old Joni has a difficult time getting along with Sarah Birdsong and her friends, who seem to hold her responsible for the prejudice they experience outside the reservation.
521 8 _a1020
_bLexile
521 8 _aZ
_bRaz-Plus
650 _aAccepting differences
_vRealistic fiction
650 _aNative American reservations -- North America --
_vJuvenile fiction
942 _2ddc
_cBK
_n0
999 _c6950
_d6950